| 000 | 00397nam a22001577a 4500 | ||
|---|---|---|---|
| 999 |
_c522686 _d522686 |
||
| 003 | NUST | ||
| 020 | _a0195793714 | ||
| 038 | _awaseem | ||
| 082 |
_a958.04 _bKHA |
||
| 100 |
_aKhalid, Adeeb _912838 |
||
| 245 |
_aThe Politics of Muslim Cultural Reform / _cAdeeb Khalid |
||
| 260 |
_aKarachi : _bOxford University Press, _c2000. |
||
| 300 | _a35 p. ; | ||
| 500 | _aPaperback. | ||
| 942 |
_2ddc _cBK |
||